00942nam a2200325Ia 4500008004100000020001800041050000800059050001000067100001800077245002000095245004700115260001600162260001700178260001200195300002600207300002700233300001100260440002700271500008700298650005100385650001300436650001600449650002500465650002500490650001300515650002200528650002200550650002200572650002200594170203s9999 xx 000 0 und d a9780545028424 aFic bF528g aFisch, Sarah. aGiving thanks / cby Sarah Fisch ; illustrated by Bob Roper. aNew York :  bScholastic,  c©2007. a1 volume (unpaged) :  bcolor illustrations ;  c23 cm. aClifford's puppy days. a"Based on the Scholastic book series Clifford the big red dog by Norman Bridwell." aClifford (Fictitious character : Bridwell) --  aDogs --  aPuppies --  aThanksgiving Day --  aThanksgiving Day --  xFiction. xJuvenile fiction. xJuvenile fiction. xJuvenile fiction. xJuvenile fiction.